000 00529nam a2200217Ia 4500
003 OSt
005 20220924143249.0
006 a|||||r|||| 00| 0
007 ta
008 220923b |||||||| |||| 00| 0 urd d
024 _a307471
037 _cTextual
040 _aARTS
_cARTS
_burd
041 _2urd
_aurd
082 _aw2,M2, 168M5
100 _aNawi Sulenman
_9215223
245 0 _aYaad -e- raftgan
260 _c1955
942 _hw2,M2, 168M5
_cTEXL
_2CC
999 _c453822
_d453822